000 00514cam a2200217ua 4500
001 9799
005 20260515114526.0
008 160903n ii |||gr||||Z||||||asm
020 _a9789382030829
040 _cMAIN
041 _aasm
082 _a330.015195
100 _aSaikia, Debajit,
_eAuthor.
245 _aArthabigyanat ganit
_cBy Debajit Saikia
250 _a1st ed.
260 _aJorhat:
_bUnika prakashan,
_c2015.
300 _a468p.
653 _aEconomics
653 _aEconometrics
942 _cBK
999 _c8801
_d8801